000 00246 a2200097 4500
020 _a9788198754950
100 _aKottayam Pushpanath
245 _aSkylab(സ്കൈലാബ്)
260 _bKottayam Pushpanath publications
_c2026
942 _cOO
999 _c115892
_d115891